000 00694nam a22002537a 4500
001 121957
003 UA-OsUOA
005 20220425130216.0
007 ta
008 20170405b un ||||| |||| 00| 0 ukr d
040 _aUA-OsUOA
_brus
_cUA-OsUOA
_dUA-OsUOA
041 _arus
080 _a821.161.1(44)
090 _a821.161.1(44)
_bЗ-81
100 _aЗоля Э.
245 _aСобрание сочинений в 18 томах
260 _aМ.
_bПравда
_c1957
300 _a352 с.
505 _gТ. 14
_tДеньги
650 7 _a821 Художня література
_2UDC
942 _cBK
_2udc
955 _a3
999 _c407906
_d407906